000
00303nam a22001337a 4500
008
170130b xxu||||| |||| 00| 0 eng d
020
_a
0192632698
041
_a
eng
080
_2
3RD
_a
61
100
_a
3
101
_a
SHM
245
_a
AN INTRODUCTION TO MEDICAL STATISTICS
_c
BLAND, M
942
_2
udc
_c
BK
999
_c
3950
_d
3950